Länder formen Wörter #1 - Statistiken

Allgemein
  • Dieses Quiz wurde 246 mal gespielt
  • Das Durchschnittsergebnis liegt bei 21 aus 34
Antwortstatistiken
Hint Antwort % Korrekt
ÖD Österreich
91%
ÖD Deutschland
90%
KÄSE Äthiopien
79%
KÄSE Eritrea
76%
ARM Russland
71%
NAME Niger
67%
KÄSE Kenia
66%
ALT Libyen
65%
ALT Algerien
64%
NAME Algerien
64%
KÄSE Sudan
64%
ALT Tschad | Tunesien
63%
MAG Albanien
62%
ARM Aserbaidschan
62%
MAG Griechenland
62%
ARM Mongolei
62%
NAME Mali
61%
NA DU Uganda
60%
NAME Elfenbeinküste
58%
GEL Elfenbeinküste
58%
GEL Ghana | Guinea
58%
GEH'N Honduras
57%
NA DU Angola
56%
NA DU Demokratische Republik Kongo
56%
GEH'N Guatemala
56%
MAG Montenegro
56%
NA DU Namibia
55%
GEH'N Nicaragua
54%
LIST Türkei
54%
GEH'N El Salvador
52%
LIST Israel
52%
LIST Libanon
52%
GEL Liberia
51%
LIST Syrien
50%
Keine übereinstimmenden Quizze gefunden
Verteilung der Resultate
Anzahl Personen mit jedem Resultat
Perzentil nach korrekt beantworteten Fragen
Ihre Resultats-Entwicklung
Sie haben dieses Quiz noch nicht gespielt